Statistics for Leaders of the Opposition in South Australia

Click here to take the quiz!

General Stats

  • This quiz has been taken 4 times
    (2 since last reset)
  • The average score is 8 of 38

Answer Stats

TenurePartyAnswer% Correct
2022-PresentLiberalDavid Speirs
100%
2018-2022LaborPeter Malinauskas
100%
2013-2018LiberalSteven Marshall
100%
1992-1993LiberalDean Brown
50%
1968-1970LaborDon Dunstan
50%
1979-1982LaborJohn Bannon
50%
1982-1990LiberalJohn Olsen
50%
2007-2009LiberalMartin Hamilton-Smith
50%
1994-2002LaborMike Rann
50%
1965-1966LCLSir Thomas Playford IV
50%
1970-1972LCLSteele Hall
50%
1966-1968LCLSteele Hall
50%
1917-1918LaborAndrew Kirpatrick
0%
1933-1938LaborAndrew Lacey
0%
1915-1917Liberal UnionArchibald Peake
0%
1910-1912Liberal UnionArchibald Peake
0%
1972-1975LCL/LiberalBruce Eastick
0%
1913-1915United LaborCrawford Vaughan
0%
1917National LaborCrawford Vaughan
0%
1990-1992LiberalDale Baker
0%
1975-1979LiberalDavid Tonkin
0%
1979LaborDes Corcoran
0%
1960-1965LaborFrank Walsh
0%
2006-2007LiberalIain Evans
0%
2009-2013LiberalIsobel Redmond
0%
1918-1924LaborJohn Gunn
0%
1909-1910United LaborJohn Verran
0%
1912-1913United LaborJohn Verran
0%
1927-1930LaborLionel Hill
0%
1993-1994LaborLynn Arnold
0%
1949-1960LaborMick O'Halloran
0%
1938-1949LaborRobert Richards
0%
2002-2006LiberalRob Kerin
0%
1924-1925Liberal UnionSir Henry Barwell
0%
1905-1909ConservativeSir Richard Butler
0%
1930-1933Liberal Federation/LCLSir Richard L. Butler
0%
1925-1930Liberal FederationSir Richard L. Butler
0%
1904-1905United LaborThomas Price
0%

Score Distribution

Percentile by Number Answered

Percent of People with Each Score

Your Score History

You have not taken this quiz since the last reset